000 00380nam a2200169Ia 4500
001 13893
005 20250626030205.0
008 211022s9999 xx 000 0 und d
082 _a320.9549 JIN
100 _aJinnah, Mohammad Ali
245 0 _aQuotes from the Quaid
260 _aOxford
260 _bOxford University Press
260 _c2008
300 _a118
942 _cBK
999 _c8203
_d8203